Jaune ou bleu ? - Clic Quiz - Statistiques

Statistiques générales
  • Ce quiz a été pris 793 fois
  • Le résultat moyen est 16 sur 17
Statistiques - réponses
Hint Réponse % Correct
Notre planète Bleu
98%
Pikachu Jaune
98%
La banane Jaune
98%
Personnages d'Avatar Bleu
97%
Les Schtroumpfs Bleu
97%
L'équipe de France de football Bleu
97%
Le Marsupilami Jaune
97%
Les Minions Jaune
97%
Bob l'éponge Jaune
97%
Pac-Man Jaune
94%
Le canari Jaune
94%
Le corps du paon Bleu
92%
Chanson de Christophe : Les mots ... Bleu
89%
Le safran Jaune
87%
Le X sur la manette PS1 Bleu
83%
Maillot du FC Nantes Jaune
82%
Le Lotus de Tintin Bleu
76%
Aucun quiz correspondant
Distribution des résultats
% des personnes avec chaque résultat
Percentile par nombre de réponses
Votre historique - résultats
Vous n’avez pas pris ce quiz